| 000 | 00380cam a22001337a 4500 | ||
|---|---|---|---|
| 008 | 180718b2003 xxu||||| |||| 00| 0 eng d | ||
| 020 | _a0821355848 | ||
| 082 | _aL6x566 P96 | ||
| 245 | _aPublic expenditure: review of Armenia | ||
| 260 |
_aWashington, D.C. _bWorld Bank _c2003 |
||
| 300 | _a184p. | ||
| 440 | _aA World Bank country study | ||
| 650 | _aExpenditures, Public - Armenia | ||
| 999 |
_c289801 _d289801 |
||